Arndt's story the life of an Australian economist

Saved in:
Bibliographic Details
Main Author: Peter Coleman
Format: Book
Published: 2007
Tags: Add Tag
No Tags, Be the first to tag this record!
Call Number :

MARC

LEADER 00000pam a2200000 4500
001 25023
003 MY-KLNDU
005 20241218081645.0
020 0 0 |a 9789812304490 
035 |a 0000034436 
039 9 |a 200911181153  |b VLOAD  |y 200910091743  |z VLOAD 
100 0 0 |a Peter Coleman 
245 0 0 |a Arndt's story  |b the life of an Australian economist 
260 0 0 |a 2007 
591 |a 0000005129  |b 07/11/08  |c 0200-07  |d 2  |e RM167.76  |f 1  |g 167.76  |h INTRABAKTI SD.BHD. 
999 |a vtls000034954  |c 25023  |d 25023